[Event "Encarnacion op 3rd"]
[Site "Encarnacion"]
[Date "2018.05.14"]
[Round "6"]
[White "Heinechen, John"]
[Black "Fernandez, Jose Baldomero"]
[Result "1/2-1/2"]
[WhiteElo "2005"]
[BlackElo "1834"]
[PlyCount "112"]
[EventDate "2018.05.12"]
[EventType "swiss"]
[EventRounds "7"]
[EventCountry "PAR"]
[SourceTitle "CBM 184 Extra"]
[Source "ChessBase"]
[SourceDate "2018.06.28"]
[SourceVersion "1"]
[SourceVersionDate "2018.06.28"]
[SourceQuality "1"]

1. e4 c5 2. Nf3 d6 3. d4 cxd4 4. Nxd4 Nf6 5. Nc3 a6 6. Bg5 e6 7. f4 Be7 8. Qe2 h6 9. Bh4 Nxe4 10. Bxe7 Nxc3 11. Qc4 Kxe7 12. Qxc3 Bd7 13. 0-0-0 Nc6 14. Nxc6+ Bxc6 15. Qxg7 Be4 16. Bd3 Bxd3 17. Rxd3 Rg8 18. Qxh6 Rxg2 19. Qh4+ Ke8 20. Qh3 Rg6 21. Rhd1 d5 22. Qe3 Qe7 23. Re1 Rd8 24. f5 Qg5 25. fxe6 fxe6 26. Qxg5 Rxg5 27. Rxe6+ Kd7 28. Re2 Rh8 29. b3 Rgh5 30. Rdd2 Kc6 31. a3 R8h6 32. Rg2 Rh3 33. Kd1 a5 34. a4 R3h5 35. Kc1 b6 36. c3 b5 37. axb5+ Kxb5 38. Rxd5+ Rxd5 39. c4+ Kc5 40. cxd5 Kxd5 41. Kb2 Kc5 42. Rg5+ Kb4 43. Rg4+ Kb5 44. h4 Kb6 45. Ka3 Ka6 46. Kb2 Rh5 47. Kc3 Kb6 48. Rc4 Rd5 49. Rd4 Rf5 50. Rg4 Rh5 51. Kd3 Rb5 52. b4 Kc6 53. bxa5 Rxa5 54. Rd4 Rd5 55. Ke4 Rxd4+ 56. Kxd4 Kd6 1/2-1/2

[Event "Encarnacion op 3rd"]
[Site "Encarnacion"]
[Date "2018.05.13"]
[Round "4"]
[White "Fernandez, Jose Baldomero"]
[Black "Candia Crechi, Francisco Ramon"]
[Result "1-0"]
[WhiteElo "1834"]
[BlackElo "1613"]
[PlyCount "37"]
[EventDate "2018.05.12"]
[EventType "swiss"]
[EventRounds "7"]
[EventCountry "PAR"]
[SourceTitle "CBM 184 Extra"]
[Source "ChessBase"]
[SourceDate "2018.06.28"]
[SourceVersion "1"]
[SourceVersionDate "2018.06.28"]
[SourceQuality "1"]

1. e4 e5 2. f4 d6 3. Nf3 Nc6 4. Bc4 h6 5. 0-0 Bg4 6. Nc3 Nf6 7. h3 Bd7 8. d4 Na5 9. Bxf7+ Kxf7 10. dxe5 dxe5 11. fxe5 Bc5+ 12. Kh2 Bd6 13. exd6 Rf8 14. e5 Ng4+ 15. hxg4 Bxg4 16. Qd5+ Kg6 17. Qe4+ Kh5 18. Rh1 Rf5 19. Kg1+ 1-0

[Event "Encarnacion op 3rd"]
[Site "Encarnacion"]
[Date "2018.05.12"]
[Round "1"]
[White "Oviedo Acosta, Paula"]
[Black "Fernandez, Jose Baldomero"]
[Result "0-1"]
[WhiteElo "1230"]
[BlackElo "1834"]
[PlyCount "90"]
[EventDate "2018.05.12"]
[EventType "swiss"]
[EventRounds "7"]
[EventCountry "PAR"]
[SourceTitle "CBM 184 Extra"]
[Source "ChessBase"]
[SourceDate "2018.06.28"]
[SourceVersion "1"]
[SourceVersionDate "2018.06.28"]
[SourceQuality "1"]

1. d4 Nf6 2. Bf4 e6 3. e3 b6 4. Nf3 Bb7 5. Be2 d6 6. 0-0 h6 7. h3 g5 8. Bh2 g4 9. hxg4 Nxg4 10. Bg3 Rg8 11. Nh4 Nxe3 12. fxe3 Rxg3 13. Nf3 Nd7 14. Kf2 Rg8 15. Rg1 f5 16. Nc3 a6 17. Qd2 Nf6 18. g3 Qd7 19. Raf1 0-0-0 20. Ke1 Nh5 21. Rf2 Rxg3 22. Rfg2 Rxf3 23. Bxf3 Bxf3 24. Rf2 Bb7 25. Qe2 Nf6 26. Kd1 Ng4 27. Rxg4 fxg4 28. Qxg4 e5 29. Qg8 Bg7 30. Qc4 Qg4+ 31. Kd2 exd4 32. Nd5 dxe3+ 33. Nxe3 Qxc4 34. Nxc4 Bd5 35. Ne3 Bd4 36. Rh2 Bxe3+ 37. Kxe3 Rh8 38. Kd4 Bc6 39. b3 h5 40. Ke3 h4 41. Kf2 h3 42. Kg3 Bg2 43. Rxg2 hxg2 44. Kxg2 Kd7 45. a4 Ke6 0-1

[Event "Asuncion Semana Santa op"]
[Site "Asuncion"]
[Date "2016.03.27"]
[Round "7"]
[White "Fernandez, Jose Baldomero"]
[Black "Pereira, Sergio1111"]
[Result "0-1"]
[WhiteElo "1782"]
[BlackElo "1910"]
[PlyCount "42"]
[EventDate "2016.03.24"]
[EventType "swiss"]
[EventRounds "7"]
[EventCountry "PAR"]
[SourceTitle "EXT 2017"]
[Source "ChessBase"]
[SourceDate "2016.10.25"]
[SourceVersion "1"]
[SourceVersionDate "2016.10.25"]
[SourceQuality "1"]

1. e4 c5 2. Nf3 d6 3. d4 cxd4 4. Nxd4 Nf6 5. Nc3 a6 6. f3 e5 7. Nb3 Be6 8. Be3 Be7 9. Qd2 0-0 10. 0-0-0 a5 11. Kb1 a4 12. Nc1 a3 13. b3 Ra5 14. g4 d5 15. exd5 Nxd5 16. Nxd5 Rxd5 17. Bd3 Nc6 18. Qf2 Bc5 19. Qd2 Qa5 20. Qf2 Bb4 21. Qh4 g6 0-1

[Event "Asuncion Semana Santa op"]
[Site "Asuncion"]
[Date "2016.03.25"]
[Round "4"]
[White "Heinechen, John"]
[Black "Fernandez, Jose Baldomero"]
[Result "0-1"]
[WhiteElo "1933"]
[BlackElo "1782"]
[PlyCount "86"]
[EventDate "2016.03.24"]
[EventType "swiss"]
[EventRounds "7"]
[EventCountry "PAR"]
[SourceTitle "EXT 2017"]
[Source "ChessBase"]
[SourceDate "2016.10.25"]
[SourceVersion "1"]
[SourceVersionDate "2016.10.25"]
[SourceQuality "1"]

1. e4 d5 2. exd5 Qxd5 3. Nc3 Qa5 4. d4 c6 5. Nf3 Bg4 6. h3 Bh5 7. g4 Bg6 8. Bc4 e6 9. h4 Be4 10. Bd2 Bxf3 11. Qxf3 Qb6 12. 0-0-0 Nf6 13. Bf4 Nd5 14. Bxd5 cxd5 15. Rhe1 Be7 16. Nxd5 exd5 17. Qxd5 Nc6 18. Qg5 0-0 19. Rxe7 h6 20. Qh5 Nxe7 21. d5 Qxf2 22. Bc7 Qe3+ 23. Kb1 g6 24. Qe5 Qxe5 25. Bxe5 Rfd8 26. c4 Rd7 27. a4 f5 28. g5 h5 29. b4 b6 30. b5 Rc8 31. Rd4 f4 32. Rxf4 Nf5 33. a5 Rf7 34. d6 Nxd6 35. Bxd6 Rxf4 36. Bxf4 Rxc4 37. axb6 axb6 38. Bd6 Rd4 39. Be7 Rd5 40. Kc2 Rxb5 41. Kc3 Kf7 42. Bf6 Ke6 43. Kc4 Rb1 0-1